Advances in applied microbiology - Vol 43

Sparad:
Bibliografiska uppgifter
Materialtyp: Bok
Språk:Undetermined
Publicerad: New York Academic Press 1997
Ämnen:
Taggar: Lägg till en tagg
Inga taggar, Lägg till första taggen!
Thư viện lưu trữ: Trung tâm Học liệu Trường Đại học Cần Thơ
LEADER 00420nam a2200157Ia 4500
001 CTU_29957
008 210402s9999 xx 000 0 und d
082 |a 576 
082 |b A244 
245 0 |a Advances in applied microbiology - Vol 43 
260 |a New York 
260 |b Academic Press 
260 |c 1997 
650 |a microbiology 
904 |i Liên, 980119 
980 |a Trung tâm Học liệu Trường Đại học Cần Thơ